000 00360nam a2200169Ia 4500
100 _aMeade/Tom/ Arima/S
650 _aMaya
942 _cBK
366 _f20
654 _aMaya6
245 _aComplete Reference Maya 6
260 _bTata Mc Graw hill Ltd.
_c2004
082 _a741.6
_bMEA
300 _a656
546 _aENGLISH
_cPAMPHALETS
999 _c31792
_d31792